000 00797nam a22001337a 4500
040 _cRUA
082 _aAGR SOT 2016 B556 Or.1
100 _aSOTH SEREYBOTH; សុទ្ធ សេរីបុត្រ
245 _aIntegrated pest management on cauliflower (Brassica oleracea var botrytis) in kien svay district, kandal province; វិធានការចម្រុះគ្រប់គ្រងសត្វល្អិតចង្រៃលើដំណាំខាត់ណាផ្កា (Brassica oleracea var.botrytis) ក្នុងស្រុកកៀនស្វាយ ខេត្តកណ្តាល
260 _aPhnom Penh
_bRUA
_c2016
300 _a44p;
_bill;
_c29cm;
856 _uhttps://drive.google.com/file/d/1f4H2Tqg2v_wb_un1O8OcItWun7SuOR0-/view?usp=sharing
942 _cAGR
999 _c11561
_d11561